[Event "MMM"]
[Site "Galaxy Gesia 22a - Krakow"]
[Date "2022.06.17"]
[Round "4.13"]
[White "Stam, Hans"]
[Black "Praszak, Michal"]
[Result "1-0"]
[BlackElo "2062"]
[WhiteElo "2094"]
[LiveChessVersion "1.4.8"]

1. e4 {[%clk 1:30:52]} c5 {[%clk 1:27:42]} 2. Nf3 {[%clk 1:31:16]} d6
{[%clk 1:23:07]} 3. d4 {[%clk 1:31:41]} cxd4 {[%clk 1:23:22]} 4. Nxd4
{[%clk 1:32:06]} Nf6 {[%clk 1:23:49]} 5. Nc3 {[%clk 1:32:30]} g6 {[%clk 1:24:13]}
6. g3 {[%clk 1:32:56]} Nc6 {[%clk 1:24:21]} 7. Nde2 {[%clk 1:29:15]} Bg4
{[%clk 1:24:36]} 8. Bg2 {[%clk 1:25:23]} Qc8 {[%clk 1:24:28]} 9. h3
{[%clk 1:24:11]} Bd7 {[%clk 1:24:37]} 10. Nf4 {[%clk 1:23:15]} Bg7
{[%clk 1:24:39]} 11. O-O {[%clk 1:22:33]} O-O {[%clk 1:24:17]} 12. Kh2
{[%clk 1:22:48]} Ne5 {[%clk 1:23:08]} 13. Nfd5 {[%clk 1:14:49]} Nxd5
{[%clk 1:21:51]} 14. Nxd5 {[%clk 1:15:08]} Re8 {[%clk 1:22:06]} 15. Bg5
{[%clk 1:14:55]} f6 {[%clk 1:20:22]} 16. Be3 {[%clk 1:11:28]} Bc6
{[%clk 1:17:51]} 17. Bd4 {[%clk 1:08:23]} e6 {[%clk 1:16:09]} 18. Ne3
{[%clk 1:07:28]} Nf7 {[%clk 1:16:17]} 19. c4 {[%clk 1:01:03]} Qc7
{[%clk 1:10:23]} 20. Bc3 {[%clk 0:58:57]} Rad8 {[%clk 1:10:44]} 21. Qc2
{[%clk 0:49:50]} b6 {[%clk 1:10:42]} 22. a4 {[%clk 0:43:33]} Qb7 {[%clk 1:10:51]}
23. Ng4 {[%clk 0:39:15]} e5 {[%clk 1:09:21]} 24. Ne3 {[%clk 0:39:36]} Ng5
{[%clk 1:09:29]} 25. Nd5 {[%clk 0:37:40]} Ne6 {[%clk 1:09:37]} 26. Rfd1
{[%clk 0:37:45]} Nc7 {[%clk 1:08:49]} 27. Nb4 {[%clk 0:35:28]} a5
{[%clk 1:08:34]} 28. Nxc6 {[%clk 0:35:18]} Qxc6 {[%clk 1:09:01]} 29. Bd2
{[%clk 0:33:13]} Na6 {[%clk 1:06:21]} 30. b3 {[%clk 0:32:09]} Qc7
{[%clk 1:05:52]} 31. Be3 {[%clk 0:31:47]} Nb4 {[%clk 1:05:40]} 32. Qd2
{[%clk 0:30:33]} Bf8 {[%clk 1:03:02]} 33. f4 {[%clk 0:26:12]} Be7
{[%clk 1:01:10]} 34. Qf2 {[%clk 0:26:14]} Rb8 {[%clk 1:01:33]} 35. Rd2
{[%clk 0:26:18]} Rf8 {[%clk 1:01:24]} 36. Rad1 {[%clk 0:25:15]} Na6
{[%clk 1:01:24]} 37. Rd5 Nc5 {[%clk 0:59:51]} 38. Qc2 {[%clk 0:23:29]} Rf7
{[%clk 0:59:24]} 39. Bf3 {[%clk 0:22:50]} Rbf8 {[%clk 0:59:16]} 40. f5
{[%clk 0:20:24]} g5 {[%clk 0:58:43]} 41. h4 {[%clk 0:20:13]} Rg7 {[%clk 0:56:54]}
42. hxg5 {[%clk 0:20:20]} fxg5 {[%clk 0:57:21]} 43. Bg4 {[%clk 0:17:16]} Rf6
{[%clk 0:57:17]} 44. Rb1 {[%clk 0:15:43]} Qc6 {[%clk 0:56:53]} 45. Kg2
{[%clk 0:14:42]} Rh6 {[%clk 0:55:44]} 46. Kf3 {[%clk 0:13:54]} Nd7
{[%clk 0:55:38]} 47. Rb5 {[%clk 0:11:54]} Bd8 {[%clk 0:54:33]} 48. b4
{[%clk 0:09:44]} axb4 {[%clk 0:54:25]} 49. R5xb4 {[%clk 0:09:49]} Nf6
{[%clk 0:53:45]} 50. Bxb6 {[%clk 0:09:52]} d5 {[%clk 0:47:52]} 51. exd5
{[%clk 0:06:07]} Nxd5 {[%clk 0:48:18]} 52. Qe4 {[%clk 0:06:24]} Nxb4
{[%clk 0:48:07]} 53. Bxd8 {[%clk 0:06:44]} Qd6 {[%clk 0:27:05]} 54. f6
{[%clk 0:04:57]} Rf7 {[%clk 0:25:55]} 55. Rxb4 {[%clk 0:03:53]} Qxb4
{[%clk 0:20:08]} 56. Be6 {[%clk 0:03:08]} Qb3+ {[%clk 0:19:09]} 57. Kg4
{[%clk 0:02:39]} Qd1+ {[%clk 0:19:25]} 58. Kf5 {[%clk 0:01:58]} Qxd8
{[%clk 0:13:50]} 59. Bxf7+ {[%clk 0:02:10]} Kf8 {[%clk 0:12:54]} 60. Qc6
{[%clk 0:00:55]} Kxf7 {[%clk 0:08:41]} 61. Qb7+ {[%clk 0:01:03]} Ke8
{[%clk 0:09:09]} 62. Qg7 {[%clk 0:01:16]} Qc8+ {[%clk 0:08:43]} 63. Kxe5
{[%clk 0:01:08]} Qc5+ {[%clk 0:08:56]} 64. Ke6 {[%clk 0:01:13]} Qxc4+
{[%clk 0:09:09]} 65. Kd6 {[%clk 0:01:37]} Qa6+ {[%clk 0:09:03]} 66. Ke5
{[%clk 0:01:57]} Qa5+ {[%clk 0:08:29]} 67. Ke6 {[%clk 0:02:16]} Qb6+
{[%clk 0:08:36]} 68. Ke5 {[%clk 0:02:37]} Qe3+ {[%clk 0:05:25]} 69. Kd5
{[%clk 0:02:15]} Qf3+ {[%clk 0:05:09]} 70. Ke6 {[%clk 0:02:35]} Qb3+
{[%clk 0:04:39]} 71. Kd6 {[%clk 0:02:55]} Qxg3+ {[%clk 0:05:05]} 72. Ke6
{[%clk 0:03:10]} Qe3+ {[%clk 0:04:37]} 73. Kd6 {[%clk 0:03:23]} Qd4+
{[%clk 0:04:05]} 74. Ke6 {[%clk 0:03:50]} Qe4+ {[%clk 0:02:57]} 75. Kd6
{[%clk 0:04:05]} Qb4+ {[%clk 0:02:58]} 76. Ke6 {[%clk 0:04:23]} Qd4 1-0

[Event "MMM"]
[Site "Galaxy Gesia 22a - Krakow"]
[Date "2022.06.17"]
[Round "4.14"]
[White "Kumor, Lukasz"]
[Black "Van De Lisdonk, Lucien"]
[Result "0-1"]
[BlackElo "2053"]
[WhiteElo "2079"]
[LiveChessVersion "1.4.8"]

1. e4 {[%clk 1:30:58]} c6 {[%clk 1:29:59]} 2. d4 {[%clk 1:30:23]} Na6
{[%clk 1:30:13]} 3. Nf3 {[%clk 1:29:18]} g6 {[%clk 1:30:06]} 4. Nc3
{[%clk 1:26:52]} Nc7 {[%clk 1:30:31]} 5. h4 {[%clk 1:20:15]} h5 {[%clk 1:28:51]}
6. Bg5 {[%clk 1:10:17]} Bg7 {[%clk 1:26:27]} 7. Qd2 {[%clk 1:08:02]} d6
{[%clk 1:25:37]} 8. O-O-O {[%clk 1:05:16]} Bg4 {[%clk 1:21:22]} 9. Re1
{[%clk 1:01:55]} Qd7 {[%clk 1:10:07]} 10. d5 {[%clk 0:56:14]} O-O-O
{[%clk 1:07:29]} 11. dxc6 {[%clk 0:45:34]} Qxc6 {[%clk 1:04:02]} 12. Nd4
{[%clk 0:45:29]} Qb6 {[%clk 1:04:05]} 13. Be3 {[%clk 0:40:15]} Qa5
{[%clk 0:59:42]} 14. Bc4 {[%clk 0:39:12]} Be6 {[%clk 0:58:38]} 15. Qd3
{[%clk 0:31:54]} d5 {[%clk 0:53:05]} 16. Nb3 {[%clk 0:17:13]} Qb4
{[%clk 0:51:00]} 17. Nxd5 {[%clk 0:17:06]} Bxd5 {[%clk 0:44:08]} 18. Bxd5
{[%clk 0:15:38]} Nf6 {[%clk 0:43:25]} 19. Bd2 {[%clk 0:08:16]} Qb6
{[%clk 0:40:07]} 20. Ba5 {[%clk 0:03:29]} Qxf2 {[%clk 0:40:27]} 21. Ref1
{[%clk 0:03:19]} Qxg2 {[%clk 0:39:26]} 22. Qc4 {[%clk 0:02:40]} Nfxd5
{[%clk 0:39:31]} 23. exd5 {[%clk 0:02:50]} b6 {[%clk 0:39:53]} 24. Bd2
{[%clk 0:01:32]} Qxd5 {[%clk 0:32:17]} 25. Qxd5 {[%clk 0:01:05]} Rxd5
{[%clk 0:32:32]} 26. Rxf7 {[%clk 0:01:29]} Bf6 {[%clk 0:32:56]} 27. Bb4
{[%clk 0:01:38]} Rf5 {[%clk 0:29:10]} 28. Kb1 {[%clk 0:01:41]} Kd7
{[%clk 0:28:01]} 29. Re1 {[%clk 0:01:21]} Nd5 {[%clk 0:27:59]} 30. Ba3
{[%clk 0:00:43]} Ke8 {[%clk 0:25:06]} 31. Rxf6 {[%clk 0:00:55]} Rxf6
{[%clk 0:25:25]} 32. c4 {[%clk 0:01:08]} Nc7 {[%clk 0:24:43]} 33. Rxe7+
{[%clk 0:01:20]} Kd8 {[%clk 0:25:08]} 34. Rg7 {[%clk 0:00:53]} Re8
{[%clk 0:24:36]} 35. Kc2 {[%clk 0:00:39]} Kc8 {[%clk 0:23:56]} 36. Nd4
{[%clk 0:00:42]} Re4 {[%clk 0:24:11]} 37. Kd3 {[%clk 0:00:40]} Rxh4
{[%clk 0:13:11]} 38. Be7 {[%clk 0:00:41]} Rh3+ {[%clk 0:13:34]} 39. Ke2
{[%clk 0:00:40]} Rf4 {[%clk 0:06:54]} 40. Nb5 {[%clk 0:00:37]} Nxb5
{[%clk 0:03:58]} 41. cxb5 {[%clk 0:01:05]} Rc4 {[%clk 0:04:07]} 42. Bf6
{[%clk 0:00:34]} Rc2+ {[%clk 0:04:26]} 43. Kd1 {[%clk 0:00:49]} Rf2
{[%clk 0:04:54]} 44. Bc3 {[%clk 0:00:37]} Rh1+ {[%clk 0:05:15]} 45. Be1
{[%clk 0:00:51]} Rff1 {[%clk 0:05:41]} 46. Re7 {[%clk 0:00:33]} Rxe1+
{[%clk 0:04:56]} 47. Rxe1 {[%clk 0:00:56]} Rxe1+ {[%clk 0:05:22]} 48. Kxe1
{[%clk 0:01:21]} Kd7 {[%clk 0:05:48]} 49. b4 {[%clk 0:01:29]} Kd6
{[%clk 0:06:11]} 50. a4 {[%clk 0:01:55]} Kd5 {[%clk 0:06:35]} 51. a5
{[%clk 0:02:20]} Kc4 {[%clk 0:06:51]} 52. axb6 {[%clk 0:02:12]} axb6
{[%clk 0:07:18]} 0-1

[Event "MMM"]
[Site "Galaxy Gesia 22a - Krakow"]
[Date "2022.06.17"]
[Round "4.15"]
[White "Smykalo, Severyn"]
[Black "Cichon, Bartlomiej"]
[Result "1/2-1/2"]
[BlackElo "1872"]
[WhiteElo "1870"]
[LiveChessVersion "1.4.8"]

1. d4 {[%clk 1:30:56]} Nf6 {[%clk 1:30:33]} 2. c4 {[%clk 1:31:21]} g6
{[%clk 1:30:56]} 3. Nc3 {[%clk 1:31:44]} Bg7 {[%clk 1:31:21]} 4. e4
{[%clk 1:32:07]} d6 {[%clk 1:31:41]} 5. h3 {[%clk 1:32:25]} O-O {[%clk 1:31:42]}
6. Be3 {[%clk 1:32:41]} e5 {[%clk 1:30:29]} 7. d5 {[%clk 1:33:03]} a5
{[%clk 1:24:14]} 8. g4 {[%clk 1:32:45]} Na6 {[%clk 1:23:28]} 9. Qd2
{[%clk 1:32:45]} Re8 {[%clk 1:15:42]} 10. Nge2 {[%clk 1:31:43]} b6
{[%clk 1:12:28]} 11. Ng3 {[%clk 1:30:48]} Nd7 {[%clk 1:09:15]} 12. h4
{[%clk 1:29:18]} Ndc5 {[%clk 1:06:14]} 13. Be2 {[%clk 1:27:47]} Nb4
{[%clk 0:49:14]} 14. O-O-O {[%clk 1:24:15]} Nxa2+ {[%clk 0:46:15]} 15. Kb1
{[%clk 1:24:29]} Nb4 {[%clk 0:44:24]} 16. Nb5 {[%clk 1:21:21]} Nba6
{[%clk 0:38:13]} 17. h5 {[%clk 1:20:39]} Nb3 {[%clk 0:37:10]} 18. Qc3
{[%clk 1:19:41]} Nac5 {[%clk 0:36:55]} 19. hxg6 {[%clk 1:19:13]} hxg6
{[%clk 0:34:46]} 20. g5 {[%clk 1:18:00]} a4 {[%clk 0:31:48]} 21. Rh2
{[%clk 1:17:20]} Bd7 {[%clk 0:31:47]} 22. Na3 {[%clk 1:17:33]} Nd4
{[%clk 0:31:45]} 23. Rxd4 {[%clk 1:15:59]} exd4 {[%clk 0:31:22]} 24. Bxd4
{[%clk 1:16:27]} Bxd4 {[%clk 0:20:09]} 25. Qxd4 {[%clk 1:16:44]} f6
{[%clk 0:19:50]} 26. gxf6 {[%clk 1:16:51]} Rf8 {[%clk 0:19:23]} 27. e5
{[%clk 1:14:19]} dxe5 {[%clk 0:08:13]} 28. Qh4 {[%clk 1:14:19]} Kf7
{[%clk 0:08:35]} 29. Qh7+ {[%clk 1:12:02]} Kxf6 {[%clk 0:08:48]} 30. Qh4+
{[%clk 1:04:28]} Kf7 {[%clk 0:09:05]} 31. Qh7+ {[%clk 1:04:56]} Kf6
{[%clk 0:09:25]} 32. Qh4+ {[%clk 0:52:01]} Kf7 {[%clk 0:09:40]} 33. Qh7+
{[%clk 0:52:26]} 1/2-1/2

[Event "MMM"]
[Site "Galaxy Gesia 22a - Krakow"]
[Date "2022.06.17"]
[Round "4.16"]
[White "Paprocki, Antoni"]
[Black "Zarebska, Lena"]
[Result "1-0"]
[BlackElo "1829"]
[WhiteElo "1949"]
[LiveChessVersion "1.4.8"]

1. d4 {[%clk 1:30:57]} Nf6 {[%clk 1:30:15]} 2. c4 {[%clk 1:31:21]} e6
{[%clk 1:30:14]} 3. g3 {[%clk 1:31:46]} d5 {[%clk 1:27:40]} 4. Bg2
{[%clk 1:32:03]} Be7 {[%clk 1:27:25]} 5. Nf3 {[%clk 1:32:25]} O-O
{[%clk 1:27:31]} 6. O-O {[%clk 1:32:50]} h6 {[%clk 1:24:00]} 7. Qc2
{[%clk 1:32:14]} dxc4 {[%clk 1:23:13]} 8. Qxc4 {[%clk 1:31:15]} Nbd7
{[%clk 1:20:11]} 9. Rd1 {[%clk 1:29:03]} c6 {[%clk 1:18:26]} 10. Nc3
{[%clk 1:28:30]} Re8 {[%clk 1:15:58]} 11. e4 {[%clk 1:24:52]} Nb6
{[%clk 1:10:19]} 12. Qe2 {[%clk 1:23:29]} Bf8 {[%clk 1:08:41]} 13. h3
{[%clk 1:17:24]} Bd7 {[%clk 1:06:23]} 14. e5 {[%clk 1:09:46]} Nfd5
{[%clk 1:06:41]} 15. Ne4 {[%clk 1:09:58]} Re7 {[%clk 0:59:18]} 16. g4
{[%clk 1:09:01]} g6 {[%clk 0:44:28]} 17. h4 {[%clk 1:05:48]} Be8 {[%clk 0:36:52]}
18. h5 {[%clk 1:01:52]} Rd7 {[%clk 0:36:41]} 19. g5 {[%clk 1:01:16]} hxg5
{[%clk 0:31:48]} 20. Bxg5 {[%clk 1:00:52]} Be7 {[%clk 0:31:36]} 21. h6
{[%clk 0:59:57]} Bxg5 {[%clk 0:30:44]} 22. Nfxg5 {[%clk 1:00:12]} Nf4
{[%clk 0:30:11]} 23. Qg4 {[%clk 0:58:21]} Nxg2 {[%clk 0:30:17]} 24. Nf6+
{[%clk 0:57:58]} Kh8 {[%clk 0:30:41]} 25. Nxd7 {[%clk 0:58:01]} Qxd7
{[%clk 0:30:58]} 26. Kxg2 {[%clk 0:57:49]} Nd5 {[%clk 0:30:57]} 27. Ne4
{[%clk 0:56:48]} b6 {[%clk 0:29:30]} 28. h7 {[%clk 0:55:05]} Qe7 {[%clk 0:29:36]}
29. Rd3 {[%clk 0:53:48]} c5 {[%clk 0:29:38]} 30. dxc5 {[%clk 0:51:39]} bxc5
{[%clk 0:30:02]} 31. Rc1 {[%clk 0:49:33]} c4 {[%clk 0:28:29]} 32. Rd4
{[%clk 0:46:34]} Rb8 {[%clk 0:28:37]} 33. Rc2 {[%clk 0:41:13]} Bb5
{[%clk 0:26:37]} 34. Nd6 {[%clk 0:38:44]} Bc6 {[%clk 0:26:42]} 35. Kh2
{[%clk 0:35:53]} c3 {[%clk 0:26:43]} 36. bxc3 {[%clk 0:36:12]} Rb1
{[%clk 0:26:27]} 37. Ne4 {[%clk 0:34:06]} Qf8 {[%clk 0:24:05]} 38. Qh4
{[%clk 0:32:20]} f5 {[%clk 0:21:16]} 39. exf6 {[%clk 0:31:24]} Qb8+
{[%clk 0:20:55]} 40. Qg3 {[%clk 0:31:21]} Nf4 {[%clk 0:18:49]} 41. Rcd2
{[%clk 0:30:17]} Bxe4 {[%clk 0:15:22]} 42. Rxe4 {[%clk 0:30:21]} e5
{[%clk 0:14:15]} 43. Rb4 {[%clk 0:29:44]} Rxb4 {[%clk 0:12:49]} 44. cxb4
{[%clk 0:30:10]} Kxh7 {[%clk 0:12:37]} 45. Rd7+ {[%clk 0:29:14]} Kh6
{[%clk 0:12:50]} 46. f7 {[%clk 0:27:33]} Qc8 {[%clk 0:13:04]} 47. Qh4+
{[%clk 0:27:32]} 1-0

[Event "MMM"]
[Site "Galaxy Gesia 22a - Krakow"]
[Date "2022.06.17"]
[Round "4.17"]
[White "Stepien, Jaroslaw"]
[Black "Koziej, Maciej"]
[Result "0-1"]
[BlackElo "1953"]
[WhiteElo "1857"]
[LiveChessVersion "1.4.8"]

1. e4 {[%clk 1:24:34]} c5 {[%clk 1:30:59]} 2. c3 {[%clk 1:24:58]} Nf6
{[%clk 1:31:14]} 3. e5 {[%clk 1:25:21]} Nd5 {[%clk 1:31:41]} 4. d4
{[%clk 1:25:43]} cxd4 {[%clk 1:31:21]} 5. Nf3 {[%clk 1:26:06]} Nc6
{[%clk 1:31:43]} 6. cxd4 {[%clk 1:26:27]} d6 {[%clk 1:31:47]} 7. Bc4
{[%clk 1:26:49]} Nb6 {[%clk 1:31:51]} 8. Bb5 {[%clk 1:27:03]} dxe5
{[%clk 1:28:58]} 9. Nxe5 {[%clk 1:20:23]} Bd7 {[%clk 1:28:22]} 10. Bxc6
{[%clk 1:20:28]} Bxc6 {[%clk 1:28:19]} 11. Nxc6 {[%clk 1:20:47]} bxc6
{[%clk 1:28:45]} 12. O-O {[%clk 1:21:09]} e6 {[%clk 1:28:19]} 13. Qg4
{[%clk 1:20:32]} h5 {[%clk 1:23:43]} 14. Qe2 {[%clk 1:17:49]} Qxd4
{[%clk 1:15:36]} 15. Nd2 {[%clk 1:17:47]} Qg4 {[%clk 1:05:23]} 16. Nf3
{[%clk 1:13:30]} Be7 {[%clk 0:52:50]} 17. Bd2 {[%clk 1:07:58]} Bf6
{[%clk 0:48:07]} 18. Rac1 {[%clk 1:01:24]} O-O {[%clk 0:41:18]} 19. b3
{[%clk 1:00:43]} Rac8 {[%clk 0:39:57]} 20. Rc5 {[%clk 0:58:02]} Nd5
{[%clk 0:36:43]} 21. Rfc1 {[%clk 0:46:59]} e5 {[%clk 0:35:41]} 22. h3
{[%clk 0:39:56]} Qe6 {[%clk 0:35:29]} 23. Nh2 {[%clk 0:36:14]} g6
{[%clk 0:28:40]} 24. Qa6 {[%clk 0:33:36]} Ne7 {[%clk 0:26:24]} 25. Nf1
{[%clk 0:27:39]} Rfd8 {[%clk 0:25:00]} 26. Be3 {[%clk 0:23:13]} Rd7
{[%clk 0:23:30]} 27. Nd2 {[%clk 0:22:54]} Bg7 {[%clk 0:21:40]} 28. Nc4
{[%clk 0:19:06]} Rdc7 {[%clk 0:17:33]} 29. Na5 {[%clk 0:14:24]} Kh7
{[%clk 0:12:40]} 30. Qe2 {[%clk 0:14:36]} Nf5 {[%clk 0:10:56]} 31. Nc4
{[%clk 0:13:10]} Nxe3 {[%clk 0:09:36]} 32. fxe3 {[%clk 0:13:17]} e4
{[%clk 0:08:57]} 33. Na5 {[%clk 0:11:04]} Bf8 {[%clk 0:08:58]} 34. R5c2
{[%clk 0:10:35]} Ba3 {[%clk 0:08:14]} 35. Rd1 {[%clk 0:10:47]} Bb4
{[%clk 0:08:00]} 36. Nc4 {[%clk 0:10:50]} Rd7 {[%clk 0:08:00]} 37. Rxd7
{[%clk 0:10:17]} Qxd7 {[%clk 0:08:28]} 38. a3 {[%clk 0:10:03]} Be7
{[%clk 0:08:10]} 39. Rd2 {[%clk 0:09:39]} Qe6 {[%clk 0:08:20]} 40. Qd1
{[%clk 0:09:19]} Bc5 {[%clk 0:04:59]} 41. Qc2 {[%clk 0:09:09]} a6
{[%clk 0:04:46]} 42. b4 {[%clk 0:09:27]} Ba7 {[%clk 0:05:11]} 43. Kf1
{[%clk 0:08:05]} c5 {[%clk 0:04:29]} 44. Nd6 {[%clk 0:07:31]} Rc6
{[%clk 0:03:41]} 45. Nxe4 {[%clk 0:07:46]} Qe5 {[%clk 0:01:26]} 46. Rf2
{[%clk 0:06:05]} f5 {[%clk 0:01:16]} 47. Ng5+ {[%clk 0:05:57]} Kg7
{[%clk 0:01:38]} 48. Qc4 {[%clk 0:03:26]} Qxe3 {[%clk 0:01:00]} 49. h4
{[%clk 0:03:43]} Qxf2+ {[%clk 0:01:14]} 50. Kxf2 {[%clk 0:03:42]} cxb4+
{[%clk 0:01:41]} 0-1

[Event "MMM"]
[Site "Galaxy Gesia 22a - Krakow"]
[Date "2022.06.17"]
[Round "4.18"]
[White "Maj, Samuel"]
[Black "Mirski, Michal"]
[Result "1/2-1/2"]
[BlackElo "1855"]
[WhiteElo "1935"]
[LiveChessVersion "1.4.8"]

1. d4 {[%clk 1:30:58]} Nf6 {[%clk 1:30:11]} 2. c4 {[%clk 1:31:16]} e6
{[%clk 1:29:38]} 3. Nf3 {[%clk 1:31:39]} d5 {[%clk 1:30:02]} 4. g3
{[%clk 1:32:04]} Be7 {[%clk 1:27:36]} 5. Bg2 {[%clk 1:32:28]} O-O
{[%clk 1:27:56]} 6. O-O {[%clk 1:32:50]} Ne4 {[%clk 1:28:18]} 7. Nc3
{[%clk 1:31:12]} f5 {[%clk 1:27:17]} 8. Bf4 {[%clk 1:29:38]} c6 {[%clk 1:26:27]}
9. Ne5 {[%clk 1:28:20]} Nd7 {[%clk 1:25:33]} 10. Rc1 {[%clk 1:25:32]} Nxe5
{[%clk 1:17:38]} 11. Bxe5 {[%clk 1:24:25]} Bd7 {[%clk 1:09:42]} 12. f3
{[%clk 1:21:37]} Nd6 {[%clk 1:06:13]} 13. cxd5 {[%clk 1:16:56]} exd5
{[%clk 1:06:09]} 14. e4 {[%clk 1:14:17]} fxe4 {[%clk 0:58:28]} 15. fxe4
{[%clk 1:14:35]} Rxf1+ {[%clk 0:56:25]} 16. Qxf1 {[%clk 1:13:34]} dxe4
{[%clk 0:50:45]} 17. Nxe4 {[%clk 1:12:59]} Be6 {[%clk 0:31:54]} 18. b3
{[%clk 1:04:38]} Nxe4 {[%clk 0:29:10]} 19. Bxe4 {[%clk 1:05:00]} Bd5
{[%clk 0:29:11]} 20. Qd3 {[%clk 0:59:42]} Bxe4 {[%clk 0:27:58]} 21. Qxe4
{[%clk 1:00:09]} Qd7 {[%clk 0:26:14]} 22. Rf1 {[%clk 0:59:02]} Rf8
{[%clk 0:23:47]} 23. Rf4 {[%clk 0:58:02]} Rxf4 {[%clk 0:19:13]} 24. Qxf4
{[%clk 0:58:03]} Qe6 {[%clk 0:18:34]} 25. Qc1 {[%clk 0:56:26]} Qd5
{[%clk 0:17:56]} 26. Qf4 {[%clk 0:54:33]} Qe6 {[%clk 0:17:26]} 27. Qc1
{[%clk 0:54:52]} 1/2-1/2

[Event "MMM"]
[Site "Galaxy Gesia 22a - Krakow"]
[Date "2022.06.17"]
[Round "4.19"]
[White "Smietanska, Wiktoria"]
[Black "Palacki, Rafal"]
[Result "1/2-1/2"]
[BlackElo "1840"]
[WhiteElo "1868"]
[LiveChessVersion "1.4.8"]

1. c4 {[%clk 1:30:58]} c5 {[%clk 1:30:45]} 2. Nf3 {[%clk 1:31:21]} Nc6
{[%clk 1:31:00]} 3. Nc3 {[%clk 1:31:45]} Nf6 {[%clk 1:30:59]} 4. g3
{[%clk 1:32:02]} g6 {[%clk 1:31:06]} 5. d4 {[%clk 1:32:24]} cxd4 {[%clk 1:31:06]}
6. Nxd4 {[%clk 1:32:33]} d6 {[%clk 1:29:51]} 7. Bg2 {[%clk 1:32:45]} Bd7
{[%clk 1:29:58]} 8. Nc2 {[%clk 1:31:23]} Bg7 {[%clk 1:27:32]} 9. O-O
{[%clk 1:29:47]} O-O {[%clk 1:27:53]} 10. Ne3 {[%clk 1:26:42]} a6
{[%clk 1:25:46]} 11. Rb1 {[%clk 1:24:15]} Rb8 {[%clk 1:24:24]} 12. Ned5
{[%clk 1:20:31]} Nxd5 {[%clk 1:24:28]} 13. cxd5 {[%clk 1:18:44]} Ne5
{[%clk 1:23:39]} 14. e4 {[%clk 1:16:51]} b5 {[%clk 1:21:56]} 15. Ne2
{[%clk 1:14:29]} Bg4 {[%clk 1:18:08]} 16. f3 {[%clk 1:11:58]} Qb6+
{[%clk 1:18:03]} 17. Kh1 {[%clk 1:11:17]} Bd7 {[%clk 1:17:42]} 18. h3
{[%clk 1:08:02]} Nc4 {[%clk 1:15:59]} 19. Qd3 {[%clk 1:06:46]} f5
{[%clk 1:11:34]} 20. b3 {[%clk 1:03:27]} fxe4 {[%clk 1:10:54]} 21. fxe4
{[%clk 1:00:57]} Rxf1+ {[%clk 1:10:59]} 22. Bxf1 {[%clk 1:00:54]} Ne5
{[%clk 1:11:13]} 23. Qe3 {[%clk 1:00:09]} Qa5 {[%clk 1:10:40]} 24. Qd2
{[%clk 0:57:14]} Qb6 {[%clk 1:09:13]} 25. Bg2 {[%clk 0:55:05]} Rf8
{[%clk 1:08:16]} 26. Qe3 {[%clk 0:34:05]} Qa5 {[%clk 1:08:25]} 27. Bd2
{[%clk 0:32:40]} Qxa2 {[%clk 0:58:47]} 28. Rc1 {[%clk 0:28:40]} a5
{[%clk 0:53:51]} 29. Rc7 {[%clk 0:25:51]} a4 {[%clk 0:52:50]} 30. Nc1
{[%clk 0:23:47]} Qb1 {[%clk 0:51:49]} 31. bxa4 {[%clk 0:21:46]} bxa4
{[%clk 0:52:00]} 32. Bc3 {[%clk 0:21:29]} Rc8 {[%clk 0:49:45]} 33. Rxc8+
{[%clk 0:20:34]} Bxc8 {[%clk 0:49:36]} 34. Kh2 {[%clk 0:19:20]} a3
{[%clk 0:49:07]} 35. Bxe5 {[%clk 0:19:06]} Bxe5 {[%clk 0:48:57]} 36. Qxa3
{[%clk 0:17:30]} Bb2 {[%clk 0:49:06]} 37. Qa4 {[%clk 0:17:27]} Kf7
{[%clk 0:45:30]} 38. Nb3 {[%clk 0:15:32]} Be5 {[%clk 0:40:51]} 39. Qc4
{[%clk 0:14:57]} Qe1 {[%clk 0:36:57]} 40. Qf1+ {[%clk 0:14:50]} Qxf1
{[%clk 0:37:23]} 41. Bxf1 {[%clk 0:15:06]} h5 {[%clk 0:37:12]} 42. h4
{[%clk 0:14:54]} Bc3 {[%clk 0:35:56]} 1/2-1/2

[Event "MMM"]
[Site "Galaxy Gesia 22a - Krakow"]
[Date "2022.06.17"]
[Round "4.20"]
[White "Hilarecki, Grzegorz"]
[Black "Szlosarczyk, Hubert"]
[Result "1-0"]
[BlackElo "1654"]
[WhiteElo "1868"]
[LiveChessVersion "1.4.8"]

1. d4 {[%clk 1:30:58]} d5 {[%clk 1:30:22]} 2. Nf3 {[%clk 1:30:06]} Nf6
{[%clk 1:29:54]} 3. Bg5 {[%clk 1:28:51]} e6 {[%clk 1:27:41]} 4. e3
{[%clk 1:26:37]} Be7 {[%clk 1:26:18]} 5. Nbd2 {[%clk 1:23:53]} Nbd7
{[%clk 1:23:37]} 6. Bd3 {[%clk 1:22:54]} b6 {[%clk 1:20:39]} 7. Qe2
{[%clk 1:18:58]} Bb7 {[%clk 1:19:10]} 8. c3 {[%clk 1:17:54]} Ne4 {[%clk 1:14:48]}
9. Bf4 {[%clk 1:14:05]} c5 {[%clk 1:11:31]} 10. Ne5 {[%clk 1:09:27]} Nxe5
{[%clk 1:05:47]} 11. Bxe5 {[%clk 1:06:56]} Nxd2 {[%clk 1:01:17]} 12. Bxg7
{[%clk 1:03:17]} Qd7 {[%clk 0:56:17]} 13. Bxh8 {[%clk 1:02:39]} O-O-O
{[%clk 0:56:05]} 14. Be5 {[%clk 1:00:57]} Ne4 {[%clk 0:56:15]} 15. Bb5
{[%clk 1:00:24]} Bc6 {[%clk 0:56:25]} 16. Bxc6 {[%clk 1:00:39]} Qxc6
{[%clk 0:56:50]} 17. Qa6+ {[%clk 1:00:35]} Kd7 {[%clk 0:56:13]} 18. a4
{[%clk 1:00:18]} f6 {[%clk 0:56:04]} 19. Bg3 {[%clk 1:00:23]} cxd4
{[%clk 0:55:47]} 20. exd4 {[%clk 1:00:10]} f5 {[%clk 0:55:10]} 21. Qb5
{[%clk 0:58:44]} Rf8 {[%clk 0:53:50]} 22. f3 {[%clk 0:56:26]} f4 {[%clk 0:50:36]}
23. fxe4 {[%clk 0:54:12]} fxg3 {[%clk 0:50:55]} 24. exd5 {[%clk 0:54:21]} exd5
{[%clk 0:51:24]} 25. hxg3 {[%clk 0:53:46]} Rf7 {[%clk 0:51:42]} 26. Ke2
{[%clk 0:47:45]} Bd6 {[%clk 0:51:28]} 27. Rh5 {[%clk 0:45:28]} Bxg3
{[%clk 0:50:50]} 28. Qxd5+ {[%clk 0:43:12]} Qxd5 {[%clk 0:51:18]} 29. Rxd5+
{[%clk 0:43:33]} Kc6 {[%clk 0:51:24]} 30. Rh5 {[%clk 0:43:12]} Bd6
{[%clk 0:50:47]} 31. b4 {[%clk 0:42:33]} Re7+ {[%clk 0:51:06]} 32. Kd3
{[%clk 0:42:51]} Rg7 {[%clk 0:51:21]} 33. Rf1 {[%clk 0:42:43]} Rg3+
{[%clk 0:51:34]} 34. Kc4 {[%clk 0:43:01]} Rxg2 {[%clk 0:51:50]} 35. Rf6
{[%clk 0:43:07]} Kd7 {[%clk 0:51:54]} 36. Rxh7+ {[%clk 0:43:24]} Be7
{[%clk 0:52:20]} 37. Rff7 {[%clk 0:43:38]} Re2 {[%clk 0:52:48]} 38. Rxe7+
{[%clk 0:43:51]} 1-0